[Event "Senior DM 2015"]
[Site "Randers"]
[Date "2015.02.09"]
[Round "3.1"]
[White "Schleicher-Christensen, Jan"]
[Black "Stentebjerg-Hansen, Per"]
[Result "0-1"]
[LiveChessVersion "1.4.4"]
[BlackElo "2195"]
[WhiteElo "2189"]

1. d4 {[%clk 1:30:55]} d5 {[%clk 1:30:54]} 2. c4 {[%clk 1:31:22]} c6
{[%clk 1:31:20]} 3. Nf3 {[%clk 1:31:47]} Nf6 {[%clk 1:31:46]} 4. Nc3
{[%clk 1:32:14]} a6 {[%clk 1:32:02]} 5. g3 {[%clk 1:28:30]} g6 {[%clk 1:32:17]}
6. cxd5 {[%clk 1:26:14]} cxd5 {[%clk 1:32:39]} 7. Bg2 {[%clk 1:26:20]} Bg7
{[%clk 1:32:00]} 8. O-O {[%clk 1:23:36]} O-O {[%clk 1:32:26]} 9. Ne5
{[%clk 1:23:27]} e6 {[%clk 1:29:49]} 10. Qc2 {[%clk 1:12:10]} Nbd7
{[%clk 1:28:49]} 11. Rd1 {[%clk 1:08:53]} b5 {[%clk 1:12:32]} 12. e4
{[%clk 1:01:03]} Nb6 {[%clk 1:12:00]} 13. Bg5 {[%clk 0:52:47]} h6
{[%clk 1:06:45]} 14. Bf4 {[%clk 0:52:17]} Bb7 {[%clk 1:02:00]} 15. a3
{[%clk 0:46:06]} Rc8 {[%clk 0:50:20]} 16. Qe2 {[%clk 0:43:05]} dxe4
{[%clk 0:45:32]} 17. Nxe4 {[%clk 0:41:00]} Bxe4 {[%clk 0:45:46]} 18. Bxe4
{[%clk 0:41:20]} Nxe4 {[%clk 0:46:10]} 19. Qxe4 {[%clk 0:41:46]} Qd5
{[%clk 0:45:59]} 20. Qe2 {[%clk 0:40:08]} Nc4 {[%clk 0:43:42]} 21. a4
{[%clk 0:35:42]} g5 {[%clk 0:39:07]} 22. Nxc4 {[%clk 0:25:37]} Qxc4
{[%clk 0:39:17]} 23. Qxc4 {[%clk 0:26:00]} Rxc4 {[%clk 0:39:24]} 24. Be5
{[%clk 0:25:11]} Rd8 {[%clk 0:39:18]} 25. b3 {[%clk 0:17:07]} Rb4
{[%clk 0:39:13]} 26. axb5 {[%clk 0:10:06]} axb5 {[%clk 0:38:38]} 27. Rdc1
{[%clk 0:09:00]} Bxe5 {[%clk 0:19:07]} 28. dxe5 {[%clk 0:09:25]} Rxb3
{[%clk 0:16:24]} 29. Ra7 {[%clk 0:09:13]} Rf3 {[%clk 0:14:18]} 30. Kg2
{[%clk 0:02:42]} Rf5 {[%clk 0:14:21]} 31. g4 {[%clk 0:02:40]} Rf4
{[%clk 0:13:59]} 32. h3 {[%clk 0:02:48]} Rb8 {[%clk 0:13:50]} 33. Rcc7
{[%clk 0:02:48]} b4 {[%clk 0:13:41]} 34. Rab7 {[%clk 0:03:03]} Rd8
{[%clk 0:13:08]} 35. Rd7 {[%clk 0:03:13]} Ra8 {[%clk 0:12:08]} 36. Ra7
{[%clk 0:03:33]} Rc8 {[%clk 0:09:03]} 37. Rac7 {[%clk 0:03:53]} Rxc7
{[%clk 0:09:17]} 38. Rxc7 {[%clk 0:04:20]} Kf8 {[%clk 0:09:42]} 39. Rb7
{[%clk 0:04:34]} Ke8 {[%clk 0:10:10]} 40. f3 {[%clk 0:31:57]} Kd8
{[%clk 0:40:37]} 41. Kg3 {[%clk 0:31:55]} Kc8 {[%clk 0:41:00]} 42. Rb5
{[%clk 0:32:07]} Kc7 {[%clk 0:41:18]} 43. h4 {[%clk 0:32:12]} Kc6
{[%clk 0:41:43]} 44. Rb8 {[%clk 0:31:30]} Kd5 {[%clk 0:42:09]} 45. hxg5
{[%clk 0:31:45]} hxg5 {[%clk 0:42:34]} 46. Rg8 {[%clk 0:27:52]} b3
{[%clk 0:42:50]} 0-1

[Event "Senior DM 2015"]
[Site "Randers"]
[Date "2015.02.09"]
[Round "3.2"]
[White "Rossen, Claus"]
[Black "Nielsen, John Bauneborg"]
[Result "1-0"]
[LiveChessVersion "1.4.4"]
[BlackElo "2090"]
[WhiteElo "2092"]

1. d4 {[%clk 1:30:58]} f5 {[%clk 1:30:55]} 2. e4 {[%clk 1:31:22]} fxe4
{[%clk 1:31:19]} 3. Nc3 {[%clk 1:31:49]} Nf6 {[%clk 1:28:45]} 4. Bg5
{[%clk 1:32:09]} b6 {[%clk 1:28:36]} 5. f3 {[%clk 1:31:28]} exf3 {[%clk 1:13:34]}
6. Qxf3 {[%clk 1:25:27]} Nc6 {[%clk 1:12:06]} 7. Bd3 {[%clk 1:22:51]} e6
{[%clk 1:09:39]} 8. O-O-O {[%clk 1:20:34]} Bb4 {[%clk 0:51:22]} 9. Ne4
{[%clk 1:12:12]} O-O {[%clk 0:50:48]} 10. Nxf6+ {[%clk 1:12:14]} gxf6
{[%clk 0:47:03]} 11. Bxh7+ {[%clk 1:11:06]} Kxh7 {[%clk 0:40:59]} 12. Qh5+
{[%clk 1:11:23]} Kg8 {[%clk 0:39:32]} 13. Qg6+ {[%clk 1:11:45]} Kh8
{[%clk 0:39:56]} 14. Rd3 {[%clk 1:12:12]} 1-0

[Event "Senior DM 2015"]
[Site "Randers"]
[Date "2015.02.09"]
[Round "3.3"]
[White "Brautsch, Søren"]
[Black "Larsen, Flemming Bo"]
[Result "1/2-1/2"]
[LiveChessVersion "1.4.4"]
[BlackElo "2164"]
[WhiteElo "2230"]

1. d4 {[%clk 1:30:57]} g6 {[%clk 1:30:43]} 2. Nf3 {[%clk 1:29:09]} Bg7
{[%clk 1:30:48]} 3. c3 {[%clk 1:29:09]} Nf6 {[%clk 1:30:49]} 4. Bg5
{[%clk 1:26:29]} O-O {[%clk 1:30:35]} 5. Nbd2 {[%clk 1:26:43]} d6
{[%clk 1:30:00]} 6. e4 {[%clk 1:26:22]} Nc6 {[%clk 1:26:17]} 7. Be2
{[%clk 1:24:51]} e5 {[%clk 1:26:03]} 8. O-O {[%clk 1:24:41]} h6 {[%clk 1:23:55]}
9. Bh4 {[%clk 1:21:36]} Re8 {[%clk 1:19:15]} 10. dxe5 {[%clk 1:16:24]} dxe5
{[%clk 1:13:04]} 11. Bb5 {[%clk 1:15:06]} Bd7 {[%clk 1:06:06]} 12. Qe2
{[%clk 1:14:53]} a6 {[%clk 1:03:21]} 13. Ba4 {[%clk 1:13:08]} Qe7
{[%clk 0:55:31]} 14. Rfd1 {[%clk 1:10:58]} g5 {[%clk 0:47:51]} 15. Bg3
{[%clk 1:10:47]} Nh5 {[%clk 0:48:10]} 16. Ne1 {[%clk 1:04:41]} Nf4
{[%clk 0:45:51]} 17. Bxf4 {[%clk 1:04:28]} exf4 {[%clk 0:46:13]} 18. f3
{[%clk 1:02:31]} Nd4 {[%clk 0:43:45]} 19. Qc4 {[%clk 0:56:01]} b5
{[%clk 0:37:26]} 20. Qd3 {[%clk 0:56:00]} bxa4 {[%clk 0:36:28]} 21. cxd4
{[%clk 0:56:23]} Bb5 {[%clk 0:36:03]} 22. Nc4 {[%clk 0:50:38]} Qb4
{[%clk 0:30:29]} 23. b3 {[%clk 0:48:45]} Rad8 {[%clk 0:26:47]} 24. Nc2
{[%clk 0:48:25]} Qe7 {[%clk 0:26:30]} 25. Rac1 {[%clk 0:48:16]} axb3
{[%clk 0:26:49]} 26. axb3 {[%clk 0:45:59]} c6 {[%clk 0:25:30]} 27. Qd2
{[%clk 0:42:44]} Rd7 {[%clk 0:25:07]} 28. Qf2 {[%clk 0:34:55]} Qd8
{[%clk 0:22:27]} 29. Rd2 {[%clk 0:34:17]} a5 {[%clk 0:22:29]} 30. N4a3
{[%clk 0:31:01]} a4 {[%clk 0:20:03]} 31. b4 {[%clk 0:30:03]} f5 {[%clk 0:16:54]}
32. exf5 {[%clk 0:25:21]} Qf6 {[%clk 0:15:54]} 33. d5 {[%clk 0:19:44]} Qxf5
{[%clk 0:16:10]} 34. dxc6 {[%clk 0:19:42]} Rxd2 {[%clk 0:16:13]} 35. Qxd2
{[%clk 0:20:06]} Bxc6 {[%clk 0:16:07]} 36. Re1 {[%clk 0:15:14]} Rxe1+
{[%clk 0:15:39]} 37. Qxe1 {[%clk 0:15:26]} Qd5 {[%clk 0:14:38]} 38. h3 1/2-1/2

[Event "Senior DM 2015"]
[Site "Randers"]
[Date "2015.02.09"]
[Round "3.4"]
[White "Sloth, Jørn"]
[Black "Madsen, Svend Aage"]
[Result "1-0"]
[LiveChessVersion "1.4.4"]
[BlackElo "2000"]
[WhiteElo "2294"]

1. Nf3 {[%clk 1:30:44]} Nf6 {[%clk 1:30:44]} 2. c4 {[%clk 1:29:01]} c5
{[%clk 1:30:00]} 3. b3 {[%clk 1:22:22]} g6 {[%clk 1:25:38]} 4. Bb2
{[%clk 1:20:52]} Bg7 {[%clk 1:25:45]} 5. g3 {[%clk 1:20:36]} b6 {[%clk 1:21:50]}
6. Bg2 {[%clk 1:19:36]} Bb7 {[%clk 1:22:12]} 7. O-O {[%clk 1:19:30]} O-O
{[%clk 1:22:25]} 8. Nc3 {[%clk 1:15:35]} Nc6 {[%clk 1:17:01]} 9. d4
{[%clk 1:12:00]} cxd4 {[%clk 1:14:04]} 10. Nxd4 {[%clk 1:12:09]} Qc8
{[%clk 1:12:40]} 11. Nc2 {[%clk 1:10:48]} d6 {[%clk 1:08:51]} 12. Rc1
{[%clk 1:05:05]} Ne5 {[%clk 1:01:28]} 13. e4 {[%clk 0:55:31]} Ned7
{[%clk 0:54:37]} 14. Re1 {[%clk 0:51:32]} Nc5 {[%clk 0:53:31]} 15. Nd5
{[%clk 0:46:17]} Nxd5 {[%clk 0:49:41]} 16. Bxg7 {[%clk 0:46:27]} Kxg7
{[%clk 0:50:02]} 17. exd5 {[%clk 0:44:55]} Qd7 {[%clk 0:44:00]} 18. b4
{[%clk 0:37:00]} Na6 {[%clk 0:42:57]} 19. a3 {[%clk 0:36:17]} Rae8
{[%clk 0:36:33]} 20. Nd4 {[%clk 0:34:07]} Bc8 {[%clk 0:29:24]} 21. Qd2
{[%clk 0:30:40]} h5 {[%clk 0:27:11]} 22. Qg5 {[%clk 0:23:49]} e5 {[%clk 0:16:59]}
23. dxe6 {[%clk 0:19:39]} fxe6 {[%clk 0:17:14]} 24. Bc6 {[%clk 0:17:18]} Qf7
{[%clk 0:17:17]} 25. Qe3 {[%clk 0:15:59]} Re7 {[%clk 0:15:41]} 26. Nb5
{[%clk 0:15:08]} Rd8 {[%clk 0:07:23]} 27. Nxd6 {[%clk 0:14:50]} Qf6
{[%clk 0:05:38]} 28. Rcd1 {[%clk 0:14:06]} Rf8 {[%clk 0:04:53]} 29. f4
{[%clk 0:11:49]} Nc7 {[%clk 0:04:01]} 30. Ne4 {[%clk 0:10:31]} Qf5
{[%clk 0:03:14]} 31. Ng5 {[%clk 0:09:03]} Kh6 {[%clk 0:03:20]} 32. Nf3
{[%clk 0:07:36]} Kh7 {[%clk 0:02:06]} 33. Ne5 {[%clk 0:06:19]} Rg7
{[%clk 0:01:43]} 34. Be4 {[%clk 0:05:33]} Qf6 {[%clk 0:01:52]} 35. h4
{[%clk 0:04:51]} Kh8 {[%clk 0:01:34]} 36. Qd4 {[%clk 0:03:53]} Kh7
{[%clk 0:01:32]} 37. Re3 {[%clk 0:02:19]} Kh6 {[%clk 0:01:37]} 38. Red3
{[%clk 0:01:26]} Kh7 {[%clk 0:01:24]} 39. Qd6 {[%clk 0:01:17]} Kh6
{[%clk 0:00:46]} 40. Kh2 {[%clk 0:30:48]} Ne8 {[%clk 0:30:36]} 41. Qd8
{[%clk 0:17:54]} Bb7 {[%clk 0:20:50]} 42. Bxb7 {[%clk 0:16:25]} Rxb7
{[%clk 0:21:04]} 43. Rd7 {[%clk 0:16:28]} 1-0

[Event "Senior DM 2015"]
[Site "Randers"]
[Date "2015.02.09"]
[Round "3.5"]
[White "Bauner, Jan"]
[Black "Sørensen, Bent"]
[Result "0-1"]
[LiveChessVersion "1.4.4"]
[BlackElo "2196"]
[WhiteElo "1973"]

1. d4 {[%clk 1:30:57]} e6 {[%clk 1:30:40]} 2. c4 {[%clk 1:31:06]} Bb4+
{[%clk 1:31:05]} 3. Bd2 {[%clk 1:30:54]} Bxd2+ {[%clk 1:31:22]} 4. Qxd2
{[%clk 1:30:35]} Nf6 {[%clk 1:31:45]} 5. Nc3 {[%clk 1:30:47]} O-O
{[%clk 1:31:02]} 6. e4 {[%clk 1:28:20]} d6 {[%clk 1:30:54]} 7. Be2
{[%clk 1:24:10]} Nc6 {[%clk 1:27:39]} 8. Nf3 {[%clk 1:22:59]} e5 {[%clk 1:22:23]}
9. d5 {[%clk 1:20:17]} Ne7 {[%clk 1:22:28]} 10. h3 {[%clk 1:20:38]} Ng6
{[%clk 1:21:34]} 11. g3 {[%clk 1:13:43]} a6 {[%clk 1:19:26]} 12. h4
{[%clk 1:12:22]} Bd7 {[%clk 1:14:57]} 13. h5 {[%clk 1:00:50]} Ne7
{[%clk 1:15:00]} 14. Nh2 {[%clk 0:57:08]} b5 {[%clk 1:09:41]} 15. h6
{[%clk 0:46:44]} g6 {[%clk 1:09:14]} 16. Qg5 {[%clk 0:46:47]} Nc8
{[%clk 0:56:59]} 17. Qh4 {[%clk 0:37:25]} bxc4 {[%clk 0:53:55]} 18. Bxc4
{[%clk 0:23:31]} Nb6 {[%clk 0:54:03]} 19. Be2 {[%clk 0:23:58]} c6
{[%clk 0:51:48]} 20. O-O {[%clk 0:19:31]} Kh8 {[%clk 0:44:21]} 21. Rfd1
{[%clk 0:18:11]} cxd5 {[%clk 0:43:06]} 22. exd5 {[%clk 0:17:06]} Ng8
{[%clk 0:37:18]} 23. Qb4 {[%clk 0:17:11]} Nc8 {[%clk 0:35:05]} 24. Ng4
{[%clk 0:10:26]} f5 {[%clk 0:33:09]} 25. Ne3 {[%clk 0:10:40]} f4 {[%clk 0:30:01]}
26. Nc2 {[%clk 0:07:21]} Nxh6 {[%clk 0:27:17]} 27. Ne4 {[%clk 0:06:58]} Bf5
{[%clk 0:24:11]} 28. gxf4 {[%clk 0:05:39]} Bxe4 {[%clk 0:22:24]} 29. Qxe4
{[%clk 0:05:48]} Rxf4 {[%clk 0:22:31]} 30. Qg2 {[%clk 0:04:38]} Nf5
{[%clk 0:19:27]} 31. Ne3 {[%clk 0:03:17]} Nce7 {[%clk 0:18:02]} 32. Qg5
{[%clk 0:02:07]} Nxe3 {[%clk 0:15:11]} 33. fxe3 {[%clk 0:02:35]} Qb6
{[%clk 0:14:11]} 34. Rd4 {[%clk 0:00:56]} Rf7 {[%clk 0:11:53]} 35. Rf1
{[%clk 0:00:37]} Rxf1+ {[%clk 0:11:09]} 36. Bxf1 {[%clk 0:01:07]} Ng8
{[%clk 0:09:24]} 37. Rd2 {[%clk 0:01:13]} Rf8 {[%clk 0:09:24]} 38. Bd3
{[%clk 0:00:42]} Qa5 {[%clk 0:08:24]} 39. Re2 {[%clk 0:00:44]} Qxd5
{[%clk 0:07:56]} 40. Bc2 {[%clk 0:30:43]} Nf6 {[%clk 0:34:19]} 41. Rf2
{[%clk 0:29:19]} Kg7 {[%clk 0:30:05]} 42. Rh2 {[%clk 0:22:09]} Qe6
{[%clk 0:20:53]} 43. Qh6+ {[%clk 0:18:56]} Kf7 {[%clk 0:20:36]} 44. Bb3
{[%clk 0:14:29]} d5 {[%clk 0:20:54]} 45. Rf2 {[%clk 0:14:34]} Ke8
{[%clk 0:19:50]} 46. e4 {[%clk 0:13:27]} Qg4+ {[%clk 0:18:44]} 47. Kf1
{[%clk 0:13:13]} Qxe4 {[%clk 0:17:33]} 48. Qc1 {[%clk 0:13:13]} Qh1+
{[%clk 0:17:33]} 0-1

[Event "Senior DM 2015"]
[Site "Randers"]
[Date "2015.02.09"]
[Round "3.6"]
[White "Holst, Per"]
[Black "Pedersen, Jan Rode"]
[Result "1/2-1/2"]
[LiveChessVersion "1.4.4"]
[BlackElo "2218"]
[WhiteElo "2020"]

1. d4 {[%clk 1:30:58]} Nf6 {[%clk 1:30:29]} 2. c4 {[%clk 1:30:25]} g6
{[%clk 1:29:05]} 3. Nc3 {[%clk 1:30:45]} d5 {[%clk 1:29:29]} 4. Nf3
{[%clk 1:31:07]} Bg7 {[%clk 1:29:31]} 5. Bg5 {[%clk 1:31:31]} dxc4
{[%clk 1:21:09]} 6. e4 {[%clk 1:31:45]} O-O {[%clk 0:50:58]} 7. Bxc4
{[%clk 1:31:05]} Nc6 {[%clk 0:49:56]} 8. h3 {[%clk 1:22:29]} h6 {[%clk 0:47:32]}
9. Be3 {[%clk 1:19:32]} Nd7 {[%clk 0:41:16]} 10. O-O {[%clk 1:14:21]} Nb6
{[%clk 0:41:23]} 11. Be2 {[%clk 1:12:26]} e6 {[%clk 0:37:45]} 12. Qd2
{[%clk 1:06:49]} Kh7 {[%clk 0:37:07]} 13. Rfd1 {[%clk 1:06:12]} Ne7
{[%clk 0:34:35]} 14. Rac1 {[%clk 0:49:51]} f5 {[%clk 0:22:43]} 15. Bf4
{[%clk 0:41:28]} fxe4 {[%clk 0:18:20]} 16. Nxe4 {[%clk 0:40:11]} Nbd5
{[%clk 0:18:45]} 17. Be5 {[%clk 0:39:08]} Nc6 {[%clk 0:18:50]} 18. Bxg7
{[%clk 0:38:16]} Kxg7 {[%clk 0:19:04]} 19. Ne5 {[%clk 0:37:05]} Bd7
{[%clk 0:17:08]} 20. Nc5 {[%clk 0:32:29]} Nxe5 {[%clk 0:13:43]} 21. dxe5
{[%clk 0:32:47]} b6 {[%clk 0:13:48]} 22. Nxd7 {[%clk 0:27:17]} 1/2-1/2

[Event "Senior DM 2015"]
[Site "Randers"]
[Date "2015.02.09"]
[Round "3.7"]
[White "Øe, Oluf"]
[Black "Hvenekilde, Jørgen"]
[Result "1/2-1/2"]
[LiveChessVersion "1.4.4"]
[BlackElo "2087"]
[WhiteElo "1843"]

1. e4 {[%clk 1:30:52]} e6 {[%clk 1:30:44]} 2. d4 {[%clk 1:30:45]} d5
{[%clk 1:31:08]} 3. Nd2 {[%clk 1:30:33]} Nf6 {[%clk 1:30:53]} 4. e5
{[%clk 1:28:26]} Nfd7 {[%clk 1:30:53]} 5. Ngf3 {[%clk 1:28:23]} c5
{[%clk 1:30:45]} 6. c3 {[%clk 1:28:44]} Nc6 {[%clk 1:30:50]} 7. Bb5 cxd4
{[%clk 1:26:18]} 8. cxd4 {[%clk 1:26:37]} Qb6 {[%clk 1:26:23]} 9. Bxc6
{[%clk 1:22:13]} bxc6 {[%clk 1:26:34]} 10. O-O {[%clk 1:21:57]} a5
{[%clk 1:22:53]} 11. Qb3 {[%clk 1:11:55]} Qa7 {[%clk 1:16:34]} 12. Nb1
{[%clk 1:04:18]} Ba6 {[%clk 1:05:18]} 13. Re1 {[%clk 1:01:12]} Be7
{[%clk 0:55:13]} 14. Nc3 {[%clk 0:58:06]} O-O {[%clk 0:54:19]} 15. Be3
{[%clk 0:55:51]} Bc4 {[%clk 0:49:56]} 16. Qc2 {[%clk 0:54:05]} Qa6
{[%clk 0:45:00]} 17. Rad1 {[%clk 0:50:21]} Qb7 {[%clk 0:44:44]} 18. b3
{[%clk 0:50:14]} Bb5 {[%clk 0:44:32]} 1/2-1/2

[Event "Senior DM 2015"]
[Site "Randers"]
[Date "2015.02.09"]
[Round "3.8"]
[White "Jørgensen, Jørgen"]
[Black "Jørgensen, Arne Bjørn"]
[Result "1-0"]
[LiveChessVersion "1.4.4"]
[BlackElo "1955"]
[WhiteElo "2167"]

1. Nf3 {[%clk 1:30:56]} f5 {[%clk 1:30:52]} 2. d3 {[%clk 1:31:01]} d5
{[%clk 1:28:41]} 3. g3 {[%clk 1:31:05]} Nf6 {[%clk 1:28:41]} 4. Bg2
{[%clk 1:31:16]} e6 {[%clk 1:28:09]} 5. O-O {[%clk 1:29:51]} Be7 {[%clk 1:28:14]}
6. c4 {[%clk 1:29:48]} O-O {[%clk 1:27:00]} 7. Nbd2 {[%clk 1:29:16]} c5
{[%clk 1:25:08]} 8. d4 {[%clk 1:17:51]} Nc6 {[%clk 1:22:46]} 9. cxd5
{[%clk 1:17:04]} exd5 {[%clk 1:21:21]} 10. dxc5 {[%clk 1:16:12]} Bxc5
{[%clk 1:21:22]} 11. Nb3 {[%clk 1:15:10]} Bb6 {[%clk 1:18:43]} 12. Nbd4
{[%clk 1:08:58]} Ne4 {[%clk 1:11:32]} 13. Be3 {[%clk 1:08:01]} Kh8
{[%clk 1:06:37]} 14. Rc1 {[%clk 1:07:31]} Bd7 {[%clk 1:05:24]} 15. Bf4
{[%clk 0:59:38]} Rc8 {[%clk 1:00:59]} 16. Nxc6 {[%clk 0:54:00]} Bxc6
{[%clk 0:58:50]} 17. Be5 {[%clk 0:47:20]} Qe7 {[%clk 0:55:03]} 18. Bd4
{[%clk 0:45:17]} Bxd4 {[%clk 0:51:41]} 19. Qxd4 {[%clk 0:45:15]} a6
{[%clk 0:50:12]} 20. Rfd1 {[%clk 0:44:33]} Rce8 {[%clk 0:44:32]} 21. e3
{[%clk 0:44:24]} Rf6 {[%clk 0:38:36]} 22. Rc2 {[%clk 0:41:04]} Rd6
{[%clk 0:36:16]} 23. b3 {[%clk 0:34:30]} Rf6 {[%clk 0:31:24]} 24. Rdc1
{[%clk 0:33:53]} Qd6 {[%clk 0:27:51]} 25. Ne1 {[%clk 0:29:59]} h6
{[%clk 0:22:04]} 26. Nd3 {[%clk 0:28:25]} Kh7 {[%clk 0:16:49]} 27. Nb4
{[%clk 0:17:10]} Qd7 {[%clk 0:15:20]} 28. Rd1 {[%clk 0:15:55]} Rd6
{[%clk 0:13:52]} 29. Nd3 {[%clk 0:15:14]} Rd8 {[%clk 0:12:01]} 30. a4
{[%clk 0:14:53]} Qe7 {[%clk 0:10:44]} 31. Rdc1 {[%clk 0:13:13]} Re6
{[%clk 0:08:08]} 32. Nb4 {[%clk 0:11:04]} Qd7 {[%clk 0:08:00]} 33. Nd3
{[%clk 0:10:39]} Qe7 {[%clk 0:08:08]} 34. Nc5 {[%clk 0:08:13]} Nxc5
{[%clk 0:06:51]} 35. Rxc5 {[%clk 0:07:50]} Red6 {[%clk 0:06:37]} 36. h4
{[%clk 0:06:56]} Qf7 {[%clk 0:06:26]} 37. Rd1 {[%clk 0:05:58]} R6d7
{[%clk 0:06:15]} 38. Rd2 {[%clk 0:03:47]} Rd6 {[%clk 0:06:20]} 39. Bh3
{[%clk 0:02:59]} Qf6 {[%clk 0:04:38]} 40. Qxf6 {[%clk 0:30:43]} Rxf6
{[%clk 0:34:35]} 41. h5 {[%clk 0:30:01]} g5 {[%clk 0:30:24]} 42. hxg6+
{[%clk 0:29:57]} Kxg6 {[%clk 0:30:47]} 43. Rd4 {[%clk 0:29:53]} Kg5
{[%clk 0:25:38]} 44. Bg2 {[%clk 0:27:31]} Rfd6 {[%clk 0:25:40]} 45. Kf1
{[%clk 0:27:20]} Kg6 {[%clk 0:20:24]} 46. Ke1 {[%clk 0:27:31]} Kg5
{[%clk 0:20:36]} 47. Kd2 {[%clk 0:27:54]} Kg6 {[%clk 0:20:47]} 48. Rc1
{[%clk 0:27:22]} Kg5 {[%clk 0:20:09]} 49. Kc3 {[%clk 0:26:38]} b6
{[%clk 0:18:23]} 50. Kb2 {[%clk 0:26:19]} Kg6 {[%clk 0:18:30]} 51. Rh4
{[%clk 0:20:31]} Be8 {[%clk 0:16:49]} 52. Rd4 {[%clk 0:17:11]} Bf7
{[%clk 0:16:56]} 53. Bf3 {[%clk 0:16:50]} Kg7 {[%clk 0:16:02]} 54. b4
{[%clk 0:13:13]} Be8 {[%clk 0:14:55]} 55. Ka3 {[%clk 0:13:24]} b5
{[%clk 0:14:25]} 56. a5 {[%clk 0:13:38]} Bf7 {[%clk 0:14:34]} 57. Kb2
{[%clk 0:13:33]} R8d7 {[%clk 0:14:45]} 58. Rc8 {[%clk 0:13:09]} Rd8
{[%clk 0:14:45]} 59. Rxd8 {[%clk 0:13:09]} Rxd8 {[%clk 0:15:10]} 60. Bd1
{[%clk 0:11:32]} Kf6 {[%clk 0:14:46]} 61. Bb3 {[%clk 0:11:54]} Be6
{[%clk 0:14:39]} 62. Rh4 {[%clk 0:11:52]} Kg7 {[%clk 0:13:36]} 63. Kc2
{[%clk 0:11:34]} Rc8+ {[%clk 0:12:54]} 64. Kd2 {[%clk 0:11:57]} Bf7
{[%clk 0:12:50]} 65. Bc2 {[%clk 0:10:22]} Be6 {[%clk 0:12:36]} 66. Bd3
{[%clk 0:10:33]} Rc7 {[%clk 0:12:19]} 67. Rf4 {[%clk 0:10:07]} Rf7
{[%clk 0:11:22]} 68. Kc3 {[%clk 0:10:24]} h5 {[%clk 0:08:10]} 69. Kd4
{[%clk 0:10:29]} Kf6 {[%clk 0:08:08]} 70. Rh4 {[%clk 0:10:03]} Rh7
{[%clk 0:05:49]} 71. Be2 {[%clk 0:09:51]} Bf7 {[%clk 0:03:17]} 72. Kc5
{[%clk 0:10:06]} Rh6 {[%clk 0:03:27]} 73. Kd6 {[%clk 0:07:48]} Kg7+
{[%clk 0:02:24]} 74. Kd7 {[%clk 0:06:33]} Be6+ {[%clk 0:02:30]} 75. Kc7
{[%clk 0:06:01]} Bf7 {[%clk 0:02:51]} 76. Rh1 {[%clk 0:05:17]} Be8
{[%clk 0:03:06]} 77. Rc1 {[%clk 0:04:02]} h4 {[%clk 0:03:07]} 78. gxh4
{[%clk 0:03:54]} Rxh4 {[%clk 0:03:26]} 79. f4 {[%clk 0:03:31]} Rh3
{[%clk 0:03:23]} 80. Rc3 {[%clk 0:01:56]} Rh2 {[%clk 0:03:14]} 81. Bd1
{[%clk 0:02:15]} Rb2 {[%clk 0:03:26]} 82. Bb3 {[%clk 0:02:35]} Bf7
{[%clk 0:03:34]} 83. Rd3 {[%clk 0:03:01]} Kf6 {[%clk 0:02:57]} 84. Kb6
{[%clk 0:03:28]} d4 {[%clk 0:02:01]} 85. Bxf7 Rxb4 86. exd4 {[%clk 0:02:46]} Kxf7
{[%clk 0:02:50]} 87. Kxa6 {[%clk 0:03:09]} Rb1 {[%clk 0:03:06]} 88. Kb7
{[%clk 0:03:27]} 1-0

[Event "Senior DM 2015"]
[Site "Randers"]
[Date "2015.02.09"]
[Round "3.9"]
[White "Olesen, Poul Erik Nørregaard"]
[Black "Pedersen, Børge"]
[Result "1-0"]
[LiveChessVersion "1.4.4"]
[BlackElo "2031"]
[WhiteElo "1974"]

1. e4 {[%clk 1:30:57]} c5 {[%clk 1:30:46]} 2. Nf3 {[%clk 1:31:09]} Nc6
{[%clk 1:31:01]} 3. d4 {[%clk 1:31:01]} cxd4 {[%clk 1:31:24]} 4. Nxd4
{[%clk 1:31:22]} Nf6 {[%clk 1:31:41]} 5. Nc3 {[%clk 1:31:43]} e5 {[%clk 1:31:31]}
6. Ndb5 {[%clk 1:32:02]} d6 {[%clk 1:31:54]} 7. a4 {[%clk 1:31:31]} a6
{[%clk 1:31:38]} 8. Na3 {[%clk 1:31:44]} Be6 {[%clk 1:30:47]} 9. Bg5
{[%clk 1:18:51]} Be7 {[%clk 1:28:09]} 10. Bxf6 {[%clk 1:18:29]} Bxf6
{[%clk 1:26:55]} 11. Nd5 {[%clk 1:16:32]} Qa5+ {[%clk 1:13:13]} 12. c3
{[%clk 1:09:37]} Bxd5 {[%clk 1:13:16]} 13. exd5 {[%clk 1:09:20]} Ne7
{[%clk 1:13:33]} 14. Nc4 {[%clk 1:07:44]} Qd8 {[%clk 1:10:43]} 15. a5
{[%clk 0:56:35]} Rc8 {[%clk 1:09:05]} 16. Qa4+ {[%clk 0:53:51]} Kf8
{[%clk 1:09:24]} 17. Qb4 {[%clk 0:48:13]} Nxd5 {[%clk 1:00:07]} 18. Qxb7
{[%clk 0:46:42]} Nc7 {[%clk 0:56:46]} 19. Nb6 {[%clk 0:35:52]} Rb8
{[%clk 0:56:35]} 20. Qxb8 {[%clk 0:30:05]} Qxb8 {[%clk 0:56:58]} 21. Nd7+ Ke7 22.
Nxb8 {[%clk 0:30:07]} Rxb8 {[%clk 0:57:21]} 23. O-O-O {[%clk 0:29:48]} d5
{[%clk 0:55:53]} 24. Be2 {[%clk 0:27:41]} Bg5+ {[%clk 0:54:55]} 25. Kc2
{[%clk 0:27:42]} f5 {[%clk 0:55:21]} 26. g3 {[%clk 0:26:46]} Ke6 {[%clk 0:55:34]}
27. Rhe1 {[%clk 0:25:32]} Bf6 {[%clk 0:53:52]} 28. f3 {[%clk 0:23:18]} g5
{[%clk 0:51:02]} 29. h3 {[%clk 0:22:53]} h6 {[%clk 0:50:41]} 30. g4
{[%clk 0:22:40]} f4 {[%clk 0:50:05]} 31. Bd3 {[%clk 0:22:32]} Be7
{[%clk 0:50:20]} 32. b4 {[%clk 0:21:16]} Kf6 {[%clk 0:50:23]} 33. Bxa6
{[%clk 0:18:53]} Nxa6 {[%clk 0:50:30]} 34. Rxd5 {[%clk 0:19:04]} Bxb4
{[%clk 0:45:12]} 35. Rdxe5 {[%clk 0:18:37]} Rc8 {[%clk 0:45:34]} 36. Re6+
{[%clk 0:17:53]} Kf7 {[%clk 0:45:56]} 37. Rxa6 {[%clk 0:17:35]} Rxc3+
{[%clk 0:44:23]} 38. Kb2 {[%clk 0:17:24]} Rxf3 {[%clk 0:44:50]} 39. Re4
{[%clk 0:16:55]} Bc3+ {[%clk 0:42:11]} 40. Kc2 {[%clk 0:17:15]} Rxh3
{[%clk 0:42:24]} 41. Rc4 {[%clk 0:44:26]} Bf6 {[%clk 1:07:46]} 42. Rc7+
{[%clk 0:43:34]} Be7 {[%clk 1:07:48]} 43. Raa7 {[%clk 0:43:17]} Re3
{[%clk 1:07:50]} 44. Rxe7+ {[%clk 0:42:15]} Rxe7 45. Rxe7+ Kxe7 {[%clk 1:07:51]}
46. a6 {[%clk 0:42:34]} f3 1-0